| 000 | 00614nam a22002177a 4500 | ||
|---|---|---|---|
| 005 | 20250725161612.0 | ||
| 008 | 220309b ||||| |||| 00| 0 eng d | ||
| 020 | _a9789381031674 | ||
| 040 | _cAL | ||
| 041 | _aEnglish | ||
| 082 |
_223 _a070.4 _bAROW |
||
| 100 |
_aRakesh Arora _9220237 |
||
| 245 | _aWeb Journalism | ||
| 260 |
_aNew Delhi _bArise Publishers and Distributors _c2012 |
||
| 300 |
_a264 p. _bHB _c21x13 cm. |
||
| 365 |
_aVBI-1348 _b₹675.00 _c₹ _d₹900.00 _e25% _f21-02-2022 |
||
| 650 |
_aJournalism _923176 |
||
| 650 |
_aSocial Media _923177 |
||
| 650 |
_aNews Media _923178 |
||
| 942 |
_2ddc _cBK |
||
| 999 |
_c221778 _d221778 |
||